MARC details
| 000 -LEADER |
| fixed length control field |
02647cam a2200397 a 4500 |
| 001 - CONTROL NUMBER |
| control field |
17245165 |
| 003 - CONTROL NUMBER IDENTIFIER |
| control field |
GZU |
| 005 - DATE AND TIME OF LATEST TRANSACTION |
| control field |
20220713114540.0 |
| 008 - FIXED-LENGTH DATA ELEMENTS--GENERAL INFORMATION |
| fixed length control field |
120406s2012 dcua b 001 0 eng |
| 010 ## - LIBRARY OF CONGRESS CONTROL NUMBER |
| LC control number |
2012013989 |
| 020 ## - INTERNATIONAL STANDARD BOOK NUMBER |
| International Standard Book Number |
9780821389409 (pbk.) |
| 020 ## - INTERNATIONAL STANDARD BOOK NUMBER |
| International Standard Book Number |
9780821394601 (electronic) |
| 022 ## - INTERNATIONAL STANDARD SERIAL NUMBER |
| International Standard Serial Number |
9780821389409 |
| 040 ## - CATALOGING SOURCE |
| Original cataloging agency |
DLC |
| Transcribing agency |
DLC |
| Modifying agency |
DLC |
| 042 ## - AUTHENTICATION CODE |
| Authentication code |
pcc |
| 050 00 - LIBRARY OF CONGRESS CALL NUMBER |
| Classification number |
HC79.6 |
| Item number |
LIV 2012 |
| 245 00 - TITLE STATEMENT |
| Title |
Living through crises : |
| Remainder of title |
how the food, fuel, and financial shocks affect the poor / |
| Statement of responsibility, etc. |
Rasmus Heltberg, Naomi Hossain, and Anna Reva, editors. |
| 260 ## - PUBLICATION, DISTRIBUTION, ETC. |
| Place of publication, distribution, etc. |
Washington, D.C. : |
| Name of publisher, distributor, etc. |
World Bank, |
| Date of publication, distribution, etc. |
2012. |
| 300 ## - PHYSICAL DESCRIPTION |
| Extent |
xxvii, 272 pages. : |
| Other physical details |
illustrations. ; |
| Dimensions |
23 cm. |
| 490 0# - SERIES STATEMENT |
| Series statement |
New frontiers of social policy |
| 504 ## - BIBLIOGRAPHY, ETC. NOTE |
| Bibliography, etc. note |
Includes bibliographical references and index. |
| 505 ## - FORMATTED CONTENTS NOTE |
| Formatted contents note |
Foreword; About the Editors; About the Authors; Study Team and Acknowledgments; Abbreviations; Living through Crises: An Overview; Tables; 1. A Mix of Vulnerabilities and Resilience Is Evident in Coping Responses; Figures; 1. Transmission Channels; Chapter 1. Anatomy of Coping: Evidence from People Living through the Crises of 2008-11; 1.1. Coping Mechanisms Determine the Ultimate Impact of Shocks; 1.1. Coping Responses Cited as Common or Very Common; Chapter 2. Bangladesh: Pathways and Impacts of the Global Economic Shocks. |
| 520 ## - SUMMARY, ETC. |
| Summary, etc. |
What did the global food, fuel, and financial crises of 2008-11 mean to people living in the developing world? How did people cope with the crisis and how effective were they at averting major impacts? These are the questions addressed by this book, which emerged out of qualitative crisis monitoring initiatives carried out by IDS and the World Bank. As such, this is not a book about the causes of the crisis or how to prevent future crises. Instead, this book is about how people lived through the severe economic turmoil of recent years, how they were affected, and what they did to cope, present. |
| 650 #0 - SUBJECT ADDED ENTRY--TOPICAL TERM |
| Topical term or geographic name entry element |
Poor. |
| 650 #0 - SUBJECT ADDED ENTRY--TOPICAL TERM |
| Topical term or geographic name entry element |
Cost and standard of living. |
| 650 #0 - SUBJECT ADDED ENTRY--TOPICAL TERM |
| Topical term or geographic name entry element |
Financial crises |
| General subdivision |
Social aspects. |
| 650 #0 - SUBJECT ADDED ENTRY--TOPICAL TERM |
| Topical term or geographic name entry element |
Global Financial Crisis, 2008-2009 |
| General subdivision |
Social aspects. |
| 700 1# - ADDED ENTRY--PERSONAL NAME |
| Personal name |
Heltberg, Rasmus. |
| Dates associated with a name |
1968 - |
| Relator term |
editor |
| 700 1# - ADDED ENTRY--PERSONAL NAME |
| Personal name |
Hossain, Naomi. |
| Dates associated with a name |
1971 - |
| Relator term |
editor |
| 700 1# - ADDED ENTRY--PERSONAL NAME |
| Personal name |
Reva, Anna. |
| Dates associated with a name |
1990 - |
| Relator term |
editor |
| 710 2# - ADDED ENTRY--CORPORATE NAME |
| Corporate name or jurisdiction name as entry element |
World Bank. |
| Relator term |
corporate authorship |
| 856 42 - ELECTRONIC LOCATION AND ACCESS |
| Materials specified |
Publisher description |
| Uniform Resource Identifier |
<a href="http://www.loc.gov/catdir/enhancements/fy1210/2012013989-d.html">http://www.loc.gov/catdir/enhancements/fy1210/2012013989-d.html</a> |
| 906 ## - LOCAL DATA ELEMENT F, LDF (RLIN) |
| a |
7 |
| b |
cbc |
| c |
orignew |
| d |
1 |
| e |
ecip |
| f |
20 |
| g |
y-gencatlg |
| 942 ## - ADDED ENTRY ELEMENTS (KOHA) |
| Source of classification or shelving scheme |
Library of Congress Classification |
| Koha item type |
Books |
| Classification part |
79 |
| Item part |
LIV |
| Call number prefix |
HC |